Catálogo público

Quesería artesanal El Cabriteru / (Record no. 219918)

MARC details
000 -CABECERA
campo de control de longitud fija 02533nam a2200445 a 4500
003 - IDENTIFICADOR DEL NÚMERO DE CONTROL
campo de control Mxchpua
005 - FECHA Y HORA DE LA ÚLTIMA TRANSACCIÓN
campo de control 20240524101353.0
007 - CAMPO FIJO DE DESCRIPCIÓN FÍSICA--INFORMACIÓN GENERAL
campo de control de longitud fija ta
008 - DATOS DE LONGITUD FIJA--INFORMACIÓN GENERAL
campo de control de longitud fija 240522s2020 mx abdefr|||| 001 0 spa d
040 ## - FUENTE DE LA CATALOGACIÓN
Centro catalogador/agencia de origen mxchpua
090 ## - LOCALMENTE ASIGNADO TIPO-LC NÚMERO DE CLASIFICACIÓN (OCLC); NÚMERO DE CLASIFICACIÓN LOCAL (RLIN)
Número de clasificación (OCLC) (R) ; Numero de clasificación, CALL (RLIN) (NR) T.C.890
Número cutter local (OCLC) ; Número de libro/Signatura topográfica íntegra, CALL (RLIN) L49 EIUPA
Año 2020
245 10 - MENCIÓN DE TÍTULO
Título Quesería artesanal El Cabriteru /
Mención de responsabilidad, etc. coordinador Gabriel Leyva Ruelas ; colaboradores Daniela Bautista Rivera...[y otros]
260 ## - PUBLICACIÓN, DISTRIBUCIÓN, ETC.
Lugar de publicación, distribución, etc. México :
Nombre del editor, distribuidor, etc. El autor,
Fecha de publicación, distribución, etc. 2020
300 ## - DESCRIPCIÓN FÍSICA
Extensión 81 hojas :
Otras características físicas ilustraciones, mapas, gráficas, diagramas, tablas, fotos, planos +
Material acompañante/anejo 1 CD-ROM
336 ## - TIPO DE CONTENIDO
Fuente rdacontent
Término de tipo de contenido texto
Código de tipo de contenido txt
337 ## - TIPO DE MEDIO
Fuente rdamedia
Nombre/término del tipo de medio no mediado
Código del tipo de medio n
338 ## - TIPO DE SOPORTE
Fuente rdacarrier
Nombre/término del tipo de soporte volumen
Código del tipo de soporte nc
500 ## - NOTA GENERAL
Nota general Grado 7° Grupos 1, 2 y 4 --<br/>El Diagrama de flujo sólo está impreso.
502 ## - NOTA DE TESIS
Nota de tesis Viaje de Estudios
Tipo de título (EIUPA) --
Nombre de la institución que otorga el título UACh. Departamento de Ingeniería Agroindustrial,
Año de obtención del título 2020
504 ## - NOTA DE BIBLIOGRAFÍA, ETC.
Nota de bibliografía, etc. Bibliografía: hoja 68
505 0# - NOTA DE CONTENIDO CON FORMATO
Nota de contenido con formato Contiene: 6 planos --<br/>1. Diagrama de flujo --<br/>2. DTI --<br/>3. Diagrama de recorrido (Esc. 1:100) --<br/>4. Distribución de áreas (Esc. 1:100) --<br/>5. Distribución de áreas 2 (Esc. 1:100) --<br/>6. Distribución de equipos (Esc. 1:100)
650 13 - PUNTO DE ACCESO ADICIONAL DE MATERIA--TÉRMINO DE MATERIA
9 (RLIN) 189103
Término de materia o nombre geográfico como elemento de entrada Queso azul
650 13 - PUNTO DE ACCESO ADICIONAL DE MATERIA--TÉRMINO DE MATERIA
9 (RLIN) 144437
Término de materia o nombre geográfico como elemento de entrada Queso artesanal
Subdivisión geográfica España
-- Asturias
650 13 - PUNTO DE ACCESO ADICIONAL DE MATERIA--TÉRMINO DE MATERIA
9 (RLIN) 142511
Término de materia o nombre geográfico como elemento de entrada Industria quesera
Subdivisión geográfica España
-- Asturias
650 13 - PUNTO DE ACCESO ADICIONAL DE MATERIA--TÉRMINO DE MATERIA
9 (RLIN) 142991
Término de materia o nombre geográfico como elemento de entrada Fabricación de queso
650 13 - PUNTO DE ACCESO ADICIONAL DE MATERIA--TÉRMINO DE MATERIA
9 (RLIN) 185388
Término de materia o nombre geográfico como elemento de entrada Calidad del queso
650 13 - PUNTO DE ACCESO ADICIONAL DE MATERIA--TÉRMINO DE MATERIA
9 (RLIN) 189104
Término de materia o nombre geográfico como elemento de entrada Blue cheese
650 13 - PUNTO DE ACCESO ADICIONAL DE MATERIA--TÉRMINO DE MATERIA
9 (RLIN) 185223
Término de materia o nombre geográfico como elemento de entrada Artisan cheese
Subdivisión geográfica Spain
-- Asturias
650 13 - PUNTO DE ACCESO ADICIONAL DE MATERIA--TÉRMINO DE MATERIA
9 (RLIN) 153492
Término de materia o nombre geográfico como elemento de entrada Cheese industry
Subdivisión geográfica Spain
-- Asturias
650 13 - PUNTO DE ACCESO ADICIONAL DE MATERIA--TÉRMINO DE MATERIA
9 (RLIN) 146964
Término de materia o nombre geográfico como elemento de entrada Cheesemaking
650 13 - PUNTO DE ACCESO ADICIONAL DE MATERIA--TÉRMINO DE MATERIA
9 (RLIN) 185390
Término de materia o nombre geográfico como elemento de entrada Cheese quality
700 1# - PUNTO DE ACCESO ADICIONAL--NOMBRE DE PERSONA
9 (RLIN) 152794
Nombre de persona Leyva Ruelas, Gabriel
Término indicativo de función/relación coordinador
700 1# - PUNTO DE ACCESO ADICIONAL--NOMBRE DE PERSONA
9 (RLIN) 185302
Nombre de persona Bautista Rivera, Daniela
Término indicativo de función/relación colaboradora
856 41 - LOCALIZACIÓN Y ACCESO ELECTRÓNICOS
Identificador Uniforme del Recurso <a href="http://10.13.5.2/ve/TC890_EIUPA/TC890_EIUPA_2020-REPORTE.pdf">http://10.13.5.2/ve/TC890_EIUPA/TC890_EIUPA_2020-REPORTE.pdf</a>
Texto de enlace DESCARGAR REPORTE
856 41 - LOCALIZACIÓN Y ACCESO ELECTRÓNICOS
Texto de enlace http://10.13.5.2/ve/TC890_EIUPA/TC890_EIUPA_2020-DIAGRAMA_DE_RECORRIDO.pdf
Enlace DESCARGAR DIAGRAMA DE RECORRIDO
856 41 - LOCALIZACIÓN Y ACCESO ELECTRÓNICOS
Texto de enlace http://10.13.5.2/ve/TC890_EIUPA/TC890_EIUPA_2020-DIAGRAMA_DE_TUBERIA_E_INSTRUMENTACION.pdf
Enlace DESCARGAR DIAGRAMA DE TUBERIA E INSTRUMENTACIÓN
856 41 - LOCALIZACIÓN Y ACCESO ELECTRÓNICOS
Texto de enlace http://10.13.5.2/ve/TC890_EIUPA/TC890_EIUPA_2020-PLANO_DE_DISTRIBUCION _DE_AREAS_2.pdf
Enlace DESCARGAR PLANO DE DISTRIBUCIÓN DE ÁREAS 2
856 41 - LOCALIZACIÓN Y ACCESO ELECTRÓNICOS
Texto de enlace http://10.13.5.2/ve/TC890_EIUPA/TC890_EIUPA_2020-PLANO_DE_DISTRIBUCION_DE_EQUIPOS.pdf
Enlace DESCARGAR PLANO DE DISTRIBUCIÓN DE EQUIPOS
856 41 - LOCALIZACIÓN Y ACCESO ELECTRÓNICOS
Texto de enlace http://10.13.5.2/ve/TC890_EIUPA/TC890_EIUPA_2020-PLANO_DE_DISTRIBUCION_DE_AREAS.pdf
Enlace DESCARGAR PLANO DE DISTRIBUCIÓN DE ÁREAS
Holdings
Estado de retiro Estado de pérdida Fuente del sistema de clasificación o colocación Estado dañado Restricciones de uso No para préstamo Código de colección Localización permanente Ubicación/localización actual Fecha de adquisición Fuente de adquisición Total de préstamos Signatura topográfica completa Código de barras Fecha visto por última vez Número de copia Precio válido a partir de Tipo de ítem Koha Fecha del último préstamo Ubicación en estantería
    Clasificación Universidad Autónoma de Chapingo   Préstamo interno   Viajes de Estudio Ingenieria Agroindustrial Ingenieria Agroindustrial 22/05/2024 El autor   T.C.890 L49 EIUPA 2020 1106013823 26/01/2026 Ej. 1 22/05/2024 Viaje de Estudios    
    Clasificación Universidad Autónoma de Chapingo   Préstamo interno   Viajes de Estudio Ingenieria Agroindustrial Ingenieria Agroindustrial 22/05/2024 El autor   T.C.890 L49 EIUPA 2020 1106013824 22/05/2024 Ej. 2 22/05/2024 CD    
    Clasificación Universidad Autónoma de Chapingo   Préstamo 5 días   Viajes de Estudio Ingenieria Agroindustrial Ingenieria Agroindustrial 22/05/2024 El autor 1 T.C.890 L49 EIUPA 2020 1106013825 26/07/2024 Ej. 3 22/05/2024 CD 26/07/2024  
    Clasificación Universidad Autónoma de Chapingo       Viajes de estudio - En línea Ingenieria Agroindustrial Ingenieria Agroindustrial 22/05/2024 El autor   T.C.890 L49 EIUPA 2020 1206013823 24/05/2024   24/05/2024 Viajes de Estudio - En línea   En línea